| 000 | 00352nam a22001217a 4500 | ||
|---|---|---|---|
| 999 |
_c5210 _d5210 |
||
| 008 | 250826b ||||| |||| 00| 0 eng d | ||
| 020 | _a9781742767840 | ||
| 082 | _a823.92 PIC | ||
| 100 |
_aPICHON,LIZ _eAUTHOR _lENGLISH |
||
| 245 |
_aTOM GATES _bTOP OF THE CLASS(nearly) |
||
| 260 |
_a345 Pacific Highway,Lindfield NSW 2070 _bScholastic _c2017 |
||
| 942 | _2ddc | ||